|
|
|
|
| LEADER |
01159nam a22003014a 4500 |
| 001 |
37926 |
| 003 |
BD-DhAAL |
| 005 |
20231009110519.0 |
| 008 |
040301s2004 maua b 001 0 eng |
| 010 |
|
|
|a 2004042217
|
| 020 |
|
|
|a 067401572X (alk. paper)
|
| 040 |
|
|
|a DLC
|c DLC
|d DLC
|d BD-DhAAL
|
| 042 |
|
|
|a pcc
|
| 050 |
0 |
0 |
|a HD82
|b .H435 2004
|
| 082 |
0 |
0 |
|a 338.9
|2 22
|
| 100 |
1 |
|
|a Helpman, Elhanan.
|9 46397
|
| 245 |
1 |
4 |
|a The mystery of economic growth /
|c Elhanan Helpman.
|
| 260 |
|
|
|a Cambridge, Mass. :
|b Belknap Press of Harvard University Press,
|c c2004.
|
| 300 |
|
|
|a xii, 223 pages :
|b illustrations ;
|c 22 cm.
|
| 504 |
|
|
|a Includes bibliographical references (pages [185]-208) and index.
|
| 541 |
|
|
|a Donated by Akbar Ali Khan
|e 37926
|
| 650 |
|
0 |
|a Economic development.
|9 46398
|
| 650 |
|
0 |
|a Saving and investment.
|9 46399
|
| 650 |
|
0 |
|a Production (Economic theory)
|9 46400
|
| 852 |
|
|
|a Ayesha Abed Library
|c Akbar Ali Khan Collection
|
| 942 |
|
|
|2 ddc
|c BK
|
| 999 |
|
|
|c 43658
|d 43658
|
| 952 |
|
|
|0 0
|1 0
|2 ddc
|4 0
|6 338_900000000000000_HEL
|7 1
|9 69988
|a BRACUL
|b BRACUL
|c AAKC
|d 2022-03-06
|e Donated by Akbar Ali Khan
|l 0
|o 338.9 HEL
|p 3010037926
|r 2022-03-06
|t 1
|w 2022-03-06
|y BK
|